LEADER 01249nam a2200289 i 4500 001 000000223186 003 CaOOAMICUS 005 20210422151452.0 008 131007s1975 it u000 u ita u 013 $a202083 040 $aSeMil$bita 100 0 $aPaulus VI,$c.$0(OLS)http://semarc/name/803 245 13$aLa gioia del cristiano :$besortazione apostolica "Gaudete in Domino" /$cdi Paolo 6. 264 1$aLeumann (Torino) :$bElle Di Ci,$c[1975?] 300 $a37 p. ;$c19 cm. 490 1 $aServizio dell'unità ;$v5 650 4$aPaolo VI - Esortazioni apostoliche . Gaudete in Domino.$0(OLS)http://semarc/subject/28830 830 0$aServizio dell'unità ;$v5.$0(OLS)http://semarc/title/20513 850 $aSeMil 852 $aSeMil$W1$xVenegono$y1$m5A III 3/9$j173532$B173532$CSeMilBibl$Z2$F183921 $81 900 1 $aMontini, Giovanni Battista,$d<1897-1978>. 900 0 $aPaolo VI$c. 996 $6245$aLa gioia del cristiano :$besortazione apostolica "Gaudete in Domino"$9(OLS)http://semarc/title/320071 996 $6264$aLeumann (Torino) :$bElle Di Ci$9(OLS)http://semarc/publisher/29809 LEADER 01542nas a2200253 i 4500 001 000000002244 003 CaOOAMICUS 005 20210528175247.0 008 180830d19471981it x m u0 0lat r 022 $a2464-9023 040 $aSeMil$bita 245 00$aEphemerides Carmeliticae. 260 $aFirenze :$bLibreria Editrice Fiorentina,$c1947-1981. 362 0 $a1947-1981 510 4 $aCod. rivista ACNP:$cP 00053568 710 2 $aCarmelitani Scalzi$d<1562>.$0(OLS)http://semarc/name/2048 770 0 $tArchivum Bibliographicum Carmelitarum.$dRomae : Ephemerides Carmeliticae, 1956-1982.$x1121-6395$w()1917 785 00$tTeresianum.$dRoma : Edizioni del Teresianum, 1982-$x0392-4556$w()3035 850 $aSeMil 852 $aSeMil$W1$xVenegono$y1$pCliccare per visualizzare collocazione e posseduto cumulativo

Cliccare per visualizzare eventuali spogli (alla eventuale voce ?Indici? in fondo di pagina)$B228567$CSeMilBibl$Z2$F228567 $85 996 $6022$a2464-9023$9(OLS)http://semarc/number/293343 996 $6245$aEphemerides Carmeliticae$9(OLS)http://semarc/title/3744 996 $6260$aFirenze :$bLibreria Editrice Fiorentina$9(OLS)http://semarc/publisher/30629